Straßenbahnlinie 52 (Wien) - Statistiken

Allgemein
  • Dieses Quiz wurde 22 mal gespielt
  • Das Durchschnittsergebnis liegt bei 10 aus 18
Antwortstatistiken
Station % Korrekt
Westbahnhof
100%
Baumgarten
90%
Ameisgasse
80%
Diesterweggasse
80%
Linzer Straße, Reinlgasse
80%
Mariahilfer Straße, Geibelgasse
60%
Zehetnergasse
60%
Anschützgasse
50%
Gruschaplatz
50%
Rustengasse
50%
Staglgasse
50%
Hochsatzengasse
40%
Johnstraße, Linzer Straße
40%
Lützowgasse
40%
Westbahnhof, Gerstnerstraße
40%
Penzinger Straße
30%
Winkelmannstraße
30%
Gusenleitnergasse
20%
Keine übereinstimmenden Quizze gefunden
Verteilung der Resultate
Anzahl Personen mit jedem Resultat
Perzentil nach korrekt beantworteten Fragen
Ihre Resultats-Entwicklung
Sie haben dieses Quiz noch nicht gespielt